[Event "SVK-chT2D 1718"]
[Site "Slovakia"]
[Date "2017.11.25"]
[Round "3.8"]
[White "Hruska, Karol"]
[Black "Kollar, Adrian"]
[Result "1-0"]
[WhiteElo "1648"]
[BlackElo "1679"]
[PlyCount "113"]
[EventDate "2017.10.28"]
[EventType "team-tourn"]
[EventRounds "11"]
[EventCountry "SVK"]
[SourceTitle "EXT 2019"]
[Source "ChessBase"]
[SourceDate "2018.10.10"]
[SourceVersion "1"]
[SourceVersionDate "2018.10.10"]
[SourceQuality "1"]
[WhiteTeam "Kosice 1 CC"]
[BlackTeam "Gelnica Slovan"]
[WhiteTeamCountry "SVK"]
[BlackTeamCountry "SVK"]

1. e4 c5 2. Nf3 e6 3. d4 cxd4 4. Nxd4 a6 5. Nc3 Nc6 6. Nxc6 bxc6 7. Bd3 Qc7 8. Qf3 Nf6 9. 0-0 Bb7 10. Re1 Bd6 11. h3 Be5 12. Ne2 0-0 13. Bf4 Bxf4 14. Nxf4 d5 15. Nh5 Nxh5 16. Qxh5 g6 17. Qh4 Qd8 18. Qg3 Qe7 19. c3 Rac8 20. h4 Qc7 21. Qh3 e5 22. h5 g5 23. Rad1 Rcd8 24. b3 Bc8 25. Qe3 f6 26. Qe2 a5 27. Bc2 Be6 28. Bd3 d4 29. cxd4 Rxd4 30. Bc4 Bxc4 31. bxc4 Rfd8 32. Rxd4 exd4 33. Qd3 c5 34. Rb1 Rb8 35. Rb3 Rb4 36. Qh3 Kg7 37. h6+ Kf8 38. Qe6 Qe7 39. Qc8+ Kf7 40. Qf5 Kg8 41. Qd5+ Kf8 42. Qa8+ Kf7 43. Qd5+ Ke8 44. Qc6+ Kd8 45. Qd5+ Kc7 46. Qa8 Rxb3 47. axb3 Kb6 48. Qb8+ Kc6 49. f3 Qc7 50. Qa8+ Qb7 51. Qf8 Qd7 52. Qxf6+ Qd6 53. Qxg5 Kd7 54. Qf5+ Kc6 55. Qd5+ Qxd5 56. exd5+ Kd6 57. f4 1-0

[Event "SVK-chT2D 1718"]
[Site "Slovakia"]
[Date "2017.10.28"]
[Round "1.8"]
[White "Hruska, Karol"]
[Black "Kall, Dusan"]
[Result "0-1"]
[WhiteElo "1650"]
[BlackElo "1800"]
[PlyCount "102"]
[EventDate "2017.10.28"]
[EventType "team-tourn"]
[EventRounds "11"]
[EventCountry "SVK"]
[SourceTitle "EXT 2019"]
[Source "ChessBase"]
[SourceDate "2018.10.10"]
[SourceVersion "1"]
[SourceVersionDate "2018.10.10"]
[SourceQuality "1"]
[WhiteTeam "Kosice 1 CC"]
[BlackTeam "Presov Tatran II"]
[WhiteTeamCountry "SVK"]
[BlackTeamCountry "SVK"]

1. e4 e5 2. Nf3 Nc6 3. d4 exd4 4. Nxd4 Bc5 5. Be3 Qf6 6. c3 Nge7 7. b4 Bxd4 8. cxd4 Nxb4 9. Qd2 Nbc6 10. e5 Qg6 11. f4 d5 12. Bd3 Bf5 13. Bxf5 Nxf5 14. 0-0 Nxe3 15. Qxe3 Qe4 16. Qxe4 dxe4 17. Rd1 0-0-0 18. d5 Nb4 19. Nc3 e3 20. Kf1 g5 21. a3 Na6 22. fxg5 Rhe8 23. e6 fxe6 24. dxe6 Rxe6 25. Rxd8+ Kxd8 26. Ke2 c6 27. Rf1 Kd7 28. h4 Nc5 29. Rf4 Rd6 30. Ne4 Nxe4 31. Rxe4 Re6 32. Rf4 b5 33. g4 a5 34. h5 c5 35. Rf3 a4 36. Rf5 Kd6 37. h6 b4 38. axb4 cxb4 39. Ra5 a3 40. Ra7 Re7 41. Ra5 Kc6 42. Ra8 Rb7 43. Ra6+ Kd5 44. g6 hxg6 45. Rxg6 a2 46. Ra6 b3 47. g5 b2 48. Rxa2 b1Q 49. Ra5+ Ke4 50. Ra4+ Rb4 51. Rxb4+ Qxb4 0-1

[Event "SVK-chT2D 14/15"]
[Site "Slovakia"]
[Date "2015.03.08"]
[Round "11.8"]
[White "Nandrazi, Artur"]
[Black "Hruska, Karol"]
[Result "1-0"]
[WhiteElo "1809"]
[BlackElo "1704"]
[PlyCount "107"]
[EventDate "2014.10.11"]
[EventType "team-tourn"]
[EventRounds "11"]
[EventCountry "SVK"]
[SourceTitle "EXT 2019"]
[Source "ChessBase"]
[SourceDate "2018.10.10"]
[SourceVersion "1"]
[SourceVersionDate "2018.10.10"]
[SourceQuality "1"]
[WhiteTeam "Presov Slavia PU"]
[BlackTeam "Kosice 1 CC"]
[WhiteTeamCountry "SVK"]
[BlackTeamCountry "SVK"]

1. d3 e5 2. Nf3 Nc6 3. c4 Bb4+ 4. Nbd2 h6 5. a3 Be7 6. g3 Nf6 7. b4 d6 8. Bg2 0-0 9. 0-0 Nh7 10. Nb3 Bf6 11. Bb2 Ne7 12. Qc2 Ng6 13. Nfd2 Ng5 14. Ne4 Nxe4 15. Bxe4 Rb8 16. d4 Bh3 17. Rfd1 exd4 18. Bxg6 fxg6 19. Qxg6 Qe7 20. Qh5 Be6 21. Rac1 Bf7 22. Qg4 Bg5 23. Bxd4 Be6 24. Qh5 Bxc1 25. Rxc1 Rf5 26. Qg6 Rbf8 27. f4 c5 28. Bxg7 Qf7 29. Qxf7+ R8xf7 30. Bxh6 b5 31. Na5 bxc4 32. e4 Rh5 33. Bg5 Rfh7 34. h4 Rc7 35. f5 Bc8 36. Rxc4 Ba6 37. Rc3 c4 38. a4 Kf7 39. Bf4 Rd7 40. b5 d5 41. exd5 Bxb5 42. axb5 Rxd5 43. Nxc4 Kf6 44. Nd6 Rh8 45. Rc6 Ke7 46. Rc7+ Kf8 47. Rxa7 Rh5 48. b6 Rd1+ 49. Kf2 Rb1 50. b7 Rb3 51. Ra8+ Ke7 52. b8Q Rxb8 53. Rxb8 Kd7 54. f6 1-0

[Event "SVK-chT2D 1314"]
[Site "Slovakia"]
[Date "2014.01.11"]
[Round "5.7"]
[White "Kaminsky, Ladislav"]
[Black "Hruska, Karol"]
[Result "0-1"]
[WhiteElo "1786"]
[BlackElo "1740"]
[PlyCount "100"]
[EventDate "2013.10.19"]
[EventType "team-tourn"]
[EventRounds "11"]
[EventCountry "SVK"]
[SourceTitle "EXT 2015"]
[Source "ChessBase"]
[SourceDate "2014.11.20"]
[SourceVersion "1"]
[SourceVersionDate "2014.11.20"]
[SourceQuality "1"]
[WhiteTeam "Sabinov II"]
[BlackTeam "Kosice Tahanovce"]
[WhiteTeamCountry "SVK"]
[BlackTeamCountry "SVK"]

1. Nf3 Nc6 2. d4 d5 3. c4 e6 4. Nc3 Nf6 5. Bg5 Be7 6. e3 h6 7. Bh4 0-0 8. Bd3 Nb4 9. Be2 dxc4 10. a3 Nbd5 11. Bxc4 Nxc3 12. bxc3 Nd5 13. Bxe7 Qxe7 14. Qc2 a5 15. 0-0 b6 16. Bd3 Ba6 17. c4 Nf6 18. Rfc1 Bb7 19. Ne5 Nd7 20. Nxd7 Qxd7 21. c5 Qd5 22. f3 Qg5 23. Be4 Qxe3+ 24. Qf2 Qxf2+ 25. Kxf2 Bxe4 26. fxe4 f5 27. e5 Rfd8 28. Ke3 Rab8 29. cxb6 Rxb6 30. Rab1 Rdb8 31. Rxb6 Rxb6 32. Kd3 c6 33. Rc5 a4 34. Rc4 Rb3+ 35. Rc3 Kf7 36. Rxb3 axb3 37. Kc3 b2 38. Kxb2 Ke7 39. Kb3 Kd7 40. Kb4 Kc7 41. Kc5 f4 42. a4 g5 43. a5 g4 44. a6 f3 45. gxf3 gxf3 46. a7 Kb7 47. Kd6 f2 48. Kxe6 f1Q 49. Kd6 Qf8+ 50. Kd7 Qf7+ 0-1

[Event "SVK-chT2D 1314"]
[Site "Slovakia"]
[Date "2013.11.23"]
[Round "3.8"]
[White "Hruska, Karol"]
[Black "Pcola, Jaroslav"]
[Result "0-1"]
[WhiteElo "1740"]
[BlackElo "1890"]
[PlyCount "44"]
[EventDate "2013.10.19"]
[EventType "team-tourn"]
[EventRounds "11"]
[EventCountry "SVK"]
[SourceTitle "EXT 2015"]
[Source "ChessBase"]
[SourceDate "2014.11.20"]
[SourceVersion "1"]
[SourceVersionDate "2014.11.20"]
[SourceQuality "1"]
[WhiteTeam "Kosice Tahanovce"]
[BlackTeam "Humenne II"]
[WhiteTeamCountry "SVK"]
[BlackTeamCountry "SVK"]

1. e4 Nc6 2. Nf3 d5 3. exd5 Qxd5 4. Nc3 Qa5 5. d4 Bg4 6. Be3 0-0-0 7. Be2 Nf6 8. 0-0 e5 9. d5 Nxd5 10. Bd2 Nf4 11. Qe1 Nxe2+ 12. Qxe2 Nd4 13. Qd1 Qa6 14. h3 Nxf3+ 15. gxf3 Bxh3 16. Ne4 f5 17. Bg5 Rxd1 18. Rfxd1 Be7 19. Bxe7 fxe4 20. Bh4 exf3 21. Rd5 Qg6+ 22. Bg3 h5 0-1